| 000 | 01633nam2a2200325 4500 | ||
|---|---|---|---|
| 001 | RU\NLR\bibl\196638 | ||
| 005 | 20250619091606.0 | ||
| 021 |
_aRU _b2001-14103 _9662 |
||
| 035 | _a(NLR Aleph) 000193090 | ||
| 090 |
_a1117216 _c1117216 |
||
| 100 | _a20010606d2001 |||y0rusy50 ca | ||
| 101 | 0 | _arus | |
| 102 | _aRU | ||
| 105 | _aa ||||||||| | ||
| 200 | 1 |
_aГазопереработка в Российской Федерации _fН.В. Авраменко и др. |
|
| 215 |
_aXI,163,[22] л. _cил. |
||
| 461 | 0 |
_1001RU\NLR\bibl\224962 _12001#$aНефтехимия, нефте- и газопереработка в Российской Федерации. 2001 год$vТ. 3 _91284410 _aМельникова, С. А. (канд. хим. наук) _cМ. _d2001 _fС.А. Мельникова, Т.Л. Канделаки, Н.В. Авраменко _nИнфоТЭК-КОНСАЛТ _oВ 3 т. _tНефтехимия, нефте- и газопереработка в Российской Федерации. 2001 год _y5-89074-078-4 _vТ. 3 |
|
| 512 | 1 | _aГазопереработка в Российской Федерации | |
| 610 | 0 | _aГазоперерабатывающая промышленность - Статистика | |
| 610 | 0 | _aРоссийская Федерация, газоперерабатывающая пром-сть | |
| 675 |
_a665.632(470) _v3 _zrus |
||
| 686 |
_a61.51 _2rugasnti |
||
| 686 |
_a35.514 _2rubbk |
||
| 686 | _aУ30(2)565.3 | ||
| 801 | 0 |
_aRU _bRKP _c20010606 _gPSBO |
|
| 801 | 1 |
_aRU _bRKP _c20010606 |
|
| 801 | 2 |
_aRU _bNLR _c20020222 _grcr |
|
| 942 | _cBOOK | ||
| 980 | _aNB | ||